| 000 | 00781nam a2200181 a 4500 | ||
|---|---|---|---|
| 001 | 000022331 | ||
| 005 | 20240226143342.0 | ||
| 008 | 100927s1990 dr ac 001 0 spa d | ||
| 040 |
_aDO-SdBNP _bspa _cBNPHU |
||
| 082 |
_axxxx _bM296j |
||
| 100 | 1 |
_aMañón, Melvin _910427 |
|
| 245 | 1 | 0 |
_aJuicio a Fidel / _cMelvin Mañón, Juan Benemelis. |
| 260 |
_aSanto Domingo : _bEditora Taller, _c1990. |
||
| 300 |
_a228 P. ; _c21 cm. |
||
| 505 | 2 | _aIntroducción - El juicio-- El anillo de los Nibelungos -- La noche de los cuchillos largos -- El cartel de la Habana -- La crisis política -- El poder totalitario de Fidel Castro -- La revolución traicionada -- La devacle del sistema -- Después de Ochoa -- Sin elegías en el ocaso. | |
| 700 | 1 |
_aBenemelis, Juan _946089 |
|
| 049 | _aBNPD | ||
| 999 |
_c21829 _d21829 |
||